| 000 | 00573nam a2200157Ia 4500 | ||
|---|---|---|---|
| 008 | 230907s9999||||xx |||||||||||||| ||und|| | ||
| 082 |
_a621.3 _bRAF |
||
| 100 |
_aRafia Akbar (105737) _9116437 |
||
| 245 | 0 | _aAssessment of Carbon Neutrality and Sustainability in a University Campus through Evaluation of Energy Efficiency and Renewable Energy Potential of Academic Buildings / | |
| 260 |
_aUSPCAS-E, NUST, _bIslamabad : _c2019 |
||
| 300 | _a68 p. | ||
| 520 | _aTH-139 | ||
| 650 | _aMS-ESE Thesis MS Thesis | ||
| 700 | _aDr. Muhammad Bilal Sajid | ||
| 942 |
_cTHE _2ddc |
||
| 999 |
_c601818 _d601818 |
||